| 000 | 01116cam a2200313 4500 | ||
|---|---|---|---|
| 008 | 090401t1996 xxu||||| |||| 00| 0 eng d | ||
| 020 | _a1857284224 | ||
| 035 | _a(Sirsi) u63720 | ||
| 041 | _aeng | ||
| 050 | _a711.1 | ||
| 245 | _aBritish planning policy in transition: planning in the Major years. | ||
| 260 |
_aLondon _bUCL Press _c1996 |
||
| 300 | _axviii,262p. ; 24cm. | ||
| 350 | _a0 | ||
| 490 |
_aThe Natural and Built Environment Series _v7 |
||
| 520 | _aA collection of papers examining the statutory planning policy system over the period 1989-1995. Taken from a local, regional and national perspective, this work includes chapters on regional planning guidance, strategic planning and planning law. | ||
| 650 | _aLOCAL DEVELOPMENT PLANS | ||
| 650 | _aPLANNING LAW | ||
| 650 | _aPLANNING POLICY GUIDANCE | ||
| 650 | _aPLANNING POLICY | ||
| 650 | _aREGIONAL PLANNING GUIDANCE | ||
| 650 | _aSCOTLAND | ||
| 650 | _aSTRATEGIC PLANNING GUIDANCE | ||
| 650 | _aWALES | ||
| 690 | _aPLANNING LAW AND PRACTICE | ||
| 700 |
_aTewdwr-Jones, Mark _xEditor |
||
| 942 | _n0 | ||
| 948 | _c04/03/1997 | ||
| 999 |
_c94599 _d94599 |
||